|
|
|
|
| LEADER |
00000nab a2200000 a 4500 |
| 001 |
vtls000578886 |
| 003 |
SK-MaSNL |
| 005 |
20260304100412.0 |
| 008 |
250425c1995 xo 0 slo |
| 015 |
|
|
|a SNBRB19rr/mm-uuuuu
|
| 035 |
|
|
|a CL0579024
|
| 035 |
|
|
|a urn:nbn:sk:snk-abakdf
|
| 035 |
|
|
|a (urnnbn)urn:nbn:sk:snk:ar-a0a0tp
|
| 035 |
|
|
|a (uuid)ed5dcac6-3318-4f29-879e-7ef20d7557d9
|
| 040 |
|
|
|a SNKBUCL
|b slo
|c SNKBUCL
|e AACR2
|
| 041 |
0 |
|
|a cze
|
| 044 |
|
|
|a xo
|c SK
|
| 080 |
|
|
|a 616.1:061.22(437.6):061.3
|2 1981
|
| 080 |
|
|
|a 616.12-073.97
|2 1981
|
| 100 |
1 |
|
|a Hůla, Josef,
|d 1923-1999
|4 aut
|9 90384
|
| 245 |
1 |
0 |
|a První sjezd Slovenské kardiologické společnosti, Sliač, 19. 9.-21. 9. 1994. Druhé centrální evropské echokardiografické sympozium, Sliač, 21.9. - 23.9. 1994
|c Josef Hůla
|
| 610 |
2 |
7 |
|a Slovenská kardiologická spoločnosť
|2 snkbucl
|9 16566
|
| 650 |
0 |
7 |
|a echokardiografia
|2 snkbucl
|9 2456
|
| 655 |
|
7 |
|a články z novín a časopisov
|2 snkbucl
|9 267496
|
| 773 |
0 |
|
|t Vnitřní lékařství
|g Roč. 41, č. 4 (1995), s. 282-283
|x 0042-773X
|
| 850 |
|
|
|a Slovenská národná knižnica
|
| 852 |
|
|
|a Slovenská národná knižnica
|
| 954 |
|
|
|a odborná, vedecká literatúra cudzojazyčná (svetová)
|2 lita
|
| 958 |
|
|
|a article14
|
| 958 |
|
|
|a RK
|
| 958 |
|
|
|a OND
|
| 958 |
|
|
|a EUIPO
|
| 992 |
|
|
|a RBX
|
| 999 |
|
|
|c 2837795
|d 2839725
|